书目信息 |
| 题名: |
体育仪器器材资料汇编摘要
|
|
| 作者: | ;中国体育科学学会体育仪器器材研究会编 | |
| 分册: | ||
| 出版信息: | 北京 1984.10 |
|
| 页数: | 201页 | |
| 开本: | 26cm | |
| 丛书名: | ||
| 单 册: | ||
| 中图分类: | G818.3 | |
| 科图分类: | ||
| 主题词: | 体育事业--世界 | |
| 电子资源: | ||
| ISBN: | ||
| 000 | 00707nam0 2200193 45 | |
| 001 | 0405081543 | |
| 005 | 20040508152210.4 | |
| 010 | @dCNY3.00 | |
| 100 | @a20040508d1984 km y0chiy0120 ea | |
| 101 | 0 | @achi |
| 105 | @a z 000yy | |
| 200 | 1 | @a体育仪器器材资料汇编摘要@ATi Yu Yi Qi Qi Cai Zi Liao Hui Bian Zhai Yao@f中国体育科学学会体育仪器器材研究会编@FZhong Guo Ti Yu Ke Xue Xue Hui Ti Yu Yi Qi Qi Cai Yan Jiu Hui Bian |
| 210 | @a北京@d1984.10 | |
| 215 | @a201页@d26cm | |
| 606 | 0 | @a体育事业@x世界 |
| 690 | @aG818.3@v3 | |
| 711 | 02 | @a中国体育科学学会体育仪器器材研究会编@AZhong Guo Ti Yu Ke Xue Xue Hui Ti Yu Yi Qi Qi Cai Yan Jiu Hui Bian |
| 801 | @aCN@bTSTCL@c20040508 | |
| 905 | @f1@b217679@dG818.3@e6 | |
| 体育仪器器材资料汇编摘要/中国体育科学学会体育仪器器材研究会编.-北京,1984.10 |
| 201页;26cm |
| ISBN :CNY3.00 |
| ● |
| 相关链接 |
|
|
|
|
正题名:体育仪器器材资料汇编摘要
索取号:G818.3/6
 
预约/预借
| 序号 | 登录号 | 条形码 | 馆藏地/架位号 | 状态 | 备注 |
| 1 | 0217679 | 000299616 | 密集书库/ [索取号:G818.3/6] | 在馆 |